000 00829nam a22002177a 4500
999 _c68
_d68
003 AR-CdUCM
008 190221b ||||| |||| 00| 0 spa d
040 _aMUNICIPALIDAD PROVINCIAL DEL CUSCO
_cBIBLIOTECA MUNICIPAL DEL CUSCO
082 _a925 /
_bA352C
100 _aCosta, Maria Elísa
_9329
245 _aDaniel Alcides Carrion /
_cCosta, Maria Elísa
260 _aLima, Perú :
_bLibrerias Studium S.A.,
_c1975.
300 _a38 paginas :
_b17 cm.
440 _aGrandes Personajes para Pequeños Lectores ,
_n2
_9330
505 _aDaniel Alcides Carrion breve Biografia -- Medicina Peruana -- La Verruga Peruana -- Medicina aplicada -- Higiene y Salud ...
650 _aMedicina Peruana.
_9331
650 _aDaniel Alcides Carrion.
_9332
650 _aVerruga Peruana.
_9333
942 _2ddc
_cLIBROS
945 _artm
_d2019-02-21